Quiz dos craftings do Minecraft - Statistics

Estatísticas Gerais
  • Esse quiz foi jogado 495 vezes
  • A pontuação média é 7 de 16
Estatísticas das Respostas
Imagem Resposta % Correto
Vara de pesca
99%
Barco
91%
TNT
79%
Relógio
63%
Olho de aranha fermentado
54%
Sopa de coelho
51%
Corrente
44%
Sinalizador
43%
Composteira
39%
Alvo
33%
Fogueira das almas
28%
Vela
26%
Bola de fogo
24%
Mesa de arquearia
14%
Aqueduto
11%
Painel de luz solar
4%
Nenhum quiz correspondente encontrado
Distribuição das Pontuações
Porcentagem de Pessoas com Cada Pontuação
Percentil de Números Respondidos
Sua Pontuação Histórica
Você não jogou esse quiz